000 03640nam a2200625 c 4500
999 _c155709
_d155709
003 BLK
005 20250604095632.0
008 180410b bul|||||r ||||||| ||bul||
010 _aKNG00162436000
020 _a978-619-7058-17-8
040 _aBLK
041 _aBUL
_cBUL
072 7 _2bullib
_aН37
_xОбразование. Педагогика Н
072 7 _2bullib
_aК
_xКраезнание
072 7 _2bullib
_aЯ
_xАвтографи
072 7 _2bullib
_aРА
_xРусенски автори
080 _aОснови на възпитанието (материални, теоретични, философски и др.). Педагогика
_b37.01
_x(497.2+430)
_z37.01(497.2+430)
100 _aНенов, Николай Иванов
_gисторик, професор, доктор, Русенски ист. музей
_9366222
139 _aГермания в българското образование
_bГ 40
245 1 0 _aГермания в българското образование
_cНиколай Иванов Ненов; състав. Николай Иванов Чакъров; * Радослав Захариев Мишев; * Пепа Ненова Балкова; * Николай Иванов Чакъров; * Марияна Георгиева; * Наталия Иванова; * Христо Иванов Белоев; * Петър Стефанов Сигалов; * Борислав Ангелов; * Добрил Христов Христов; * Мартин Иванов; * Анна Върбанова; * Таня Великова; * Толя Чорбаджиева.
257 _aBGR
260 _bЛени-Ан
_c2014
300 _a133 с.
_bс ил., сн.
_c21 см
380 _a3
500 _aИмето на състав. отбелязано на гърба на загл. с. - Изд. на СОУ с преподаване на немски език Фр. Шилер - Русе. - Библиогр. след отд. материали и под линия.
650 4 _aОбразование и просвета - България
_9262383
650 4 _aБългария и Германия
_9279858
651 4 _aБългария
_9241624
653 _aобразование
659 _aК
659 _aН
659 _aЯ
700 1 _aЧакъров, Николай Иванов
_eсъстав.
_9381135
700 1 _aМишев, Радослав Захариев
_e*
_9365727
700 1 _aБалкова, Пепа Ненова
_e*
_9332975
700 1 _aЧакъров, Николай Иванов
_e*
_9381135
700 1 _aГеоргиева, Марияна
_e*
_9332976
700 1 _aИванова, Наталия
_e*
_9372321
700 1 _aБелоев, Христо Иванов
_d1958 -
_gИнженер, селскостопанска техника. Професор, член-кореспондент.
_937903
700 _aСигалов, Петър Стефанов
_d1946 -
_gИнженер
_9381136
700 1 _aАнгелов, Борислав
_e*
_9332977
700 1 _aХристов, Добрил Христов
_e*
_9365798
700 1 _aИванов, Мартин
_e*
_9332978
700 1 _aВърбанова, Анна
_e*
_9381137
700 1 _aВеликова, Таня
_e*
_9375012
700 1 _aЧорбаджиева, Толя
_e*
_9332979
852 _aЦб 269476
852 _aК 37/Г 40
856 4 _qpdf
856 4 _qpdf
942 _cKNG
_n0
_s1
944 _aCR
_c20.06.2014
_lГеновева Генчева
_k30560
944 _aED
_c26.11.2015
_lф /
_kЛюдмила_Стоянова
999 _d155709